01201 2200409 4500001002100000005001500021035002000036007000300056040001600059100003400075245008500109250001100194300003500205020002200240041000800262082001000270084001600280090002000296264003100316336002100347337003000368338002300398650002200421850001000443008004100453700004500494700005400539990002200593990002200615990002200637990002200659990002200681990002200703990002200725990002200747990002200769INLIS00000000000456420260524084551 a0010-0122000196ta aSPBUPDbind0 aKindersley DorlingePengarang1 aWatch My Baby Grow /cKindersley Dorling; Editor, Hannisa Emiria dan Ranti Medya aCet. 5 a215 hal. :billus. ;c20x26 cm a978-1-4093-6800-7 aind a155.4 a155.4 KIN w a172.2 CHA f 2-7 aJakarta :bErlangga,c2021 2rdacontentaTeks 2rdamediaaTanpa Perantara 2rdacarrieravolume 4aPerkembangan Anak aPUPAD260524 0  aAlih Bahasa, Khairi RumantatiePengarang aEditor, Hannisa Emiria dan Ranti MedyaePengarang a26.580/H/DPK/2018 a26.581/P/DPK/2017 a26.579/P/DPK/2017 a26.578/P/DPK/2017 a26.299/P/DPK/2017 a26.390/P/DPK/2017 a26.391/P/DPK/2017 a26.392/P/DPK/2017 a26.300/P/DPK/2017